1332 1212 1159 1575 1062 1796 1522 1058 1074 1406 1781 1292 1316 1093 1802 1565 1080 1272 1963 1566 1060 1094 1383 1603 1229 1489 1988 1972 1345 1265 1949 1281 1607 1269 1401 1595 1197 1043 1842 1037 1656 1081 1308 1947 1118 1802 1040 1096 1637 1216 1200 1499 1501 1978 1188 1414 1542 1487 1549 1504 1645 1734 1389 1333 1195 1063 1361 1794 1104 1204 1787 1137 1114 1180 1058 1330 1991 1390 1894 1405 1273 1484 1030 1496 1049 1428 1319 1166 1190 1096 1030 1952 1490 1399 1064 1472 1273 1972 1233 BCNSPRNW ULIB Ver.6.0+V

เปลี่ยนเป็นภาษาไทย

Change to English
 แสดงรายละเอียดบรรณานุกรม
  กลับหน้าหลัก

Brief Record : Get Marc (ISO 2709) : E-mail record : QR code < ปิดหน้าต่าง
LEADER : 00000nam 2200000uu 4500
001    13399123690
003     ULIB
008    141106s2556||||th 000 0 tha d
020    ^a9786161115326
060    ^aWA590^bร481ท
100 1  ^aRimer, Barbara K.
245 10 ^aทฤษฎีการสร้างเสริมสุขภาพ :^bฉบับสรุปสาระสำคัญ /^cBarbara K. Rimer, Karen Glanz ผู้แต่ง ; สินศักดิ์ชนม์ อุ่นพรมมี, ศรีเสาวลักษณ์ อุ่นพรมมี ผู้แปล
246 0  ^aTheory at a glande :^bA guide for health promotion practic.
250    ^aพิมพ์ครั้งที่ 1
260    ^aนนทบุรี :^bโครงการสวัสดิการวิชาการ สถาบันพระบรมราชชนก,^c2556
300    ^a89 หน้า
650  7 ^aการส่งเสริมสุขภาพ
650  7 ^aสุขภาพ
650  7 ^aพฤติกรรมสุขภาพ
700 1  ^aGlanz, Karen
700 0  ^aสินศักดิ์ชนม์ อุ่นพรมมี,^eผู้แปล
700 0  ^aศรีเสาวลักษณ์ อุ่นพรมมี,^eผู้แปล
700 1  ^aริเมอร์, บาร์บารา เค.
700 1  ^aแกลนซ์, คาเร็น
710 2  ^aสถาบันพระบรมราชชนก.^bโครงการสวัสดิการวิชาการ.
945    ^p220^l0^i036867
945    ^p220^l0^i036868
945    ^p220^l0^i036869
945    ^p220^l0^i036870
945    ^p220^l0^i036871
945    ^p220^l0^i036872
945    ^p220^l0^i036873
945    ^p220^l0^i036874
945    ^p220^l0^i036875
945    ^p220^l0^i036876
999    ^aเกษร โพธิ์สุวรรณ
รายการนี้ยังไม่มีแท็ก
คุณยังไม่ได้ล็อกอิน คุณสามารถมีกิจกรรมร่วมกับเว็บไซต์ได้ แต่ต้องล็อกอินก่อน ::
  ล็อกอิน

รายการสื่อสารสนเทศ

ลำดับที่ ประเภท เลขเรียก/บาร์โค้ด สถานที่ สถานะ
1. วิทยาศาสตร์การแพทย์ และสุขภาพ
หนังสือสำรอง
สถานะ=หนังสือสำรอง
WA590 ร481ท ฉ.1 
  Barcode: 036867
ห้องสมุดวิทยาเขตสวรรค์ประชารักษ์
►ส่วนจัดเก็บหนังสือเก่า สปร
บนชั้น
  ขอยืม
2. วิทยาศาสตร์การแพทย์ และสุขภาพ
วิทยาศาสตร์การแพทย์ และสุขภาพ
WA590 ร481ท ฉ.10 
  Barcode: 036876
ห้องสมุดวิทยาเขตสวรรค์ประชารักษ์
►ส่วนจัดเก็บหนังสือเก่า สปร
บนชั้น
  ขอยืม
3. วิทยาศาสตร์การแพทย์ และสุขภาพ
วิทยาศาสตร์การแพทย์ และสุขภาพ
WA590 ร481ท ฉ.2 
  Barcode: 036868
ห้องสมุดวิทยาเขตสวรรค์ประชารักษ์
►ส่วนจัดเก็บหนังสือเก่า สปร
บนชั้น
  ขอยืม
4. วิทยาศาสตร์การแพทย์ และสุขภาพ
วิทยาศาสตร์การแพทย์ และสุขภาพ
WA590 ร481ท ฉ.3 
  Barcode: 036869
ห้องสมุดวิทยาเขตสวรรค์ประชารักษ์
►ส่วนจัดเก็บหนังสือเก่า สปร
บนชั้น
  ขอยืม
5. วิทยาศาสตร์การแพทย์ และสุขภาพ
วิทยาศาสตร์การแพทย์ และสุขภาพ
WA590 ร481ท ฉ.4 
  Barcode: 036870
ห้องสมุดวิทยาเขตสวรรค์ประชารักษ์
►ส่วนจัดเก็บหนังสือเก่า สปร
บนชั้น
  ขอยืม
6. วิทยาศาสตร์การแพทย์ และสุขภาพ
วิทยาศาสตร์การแพทย์ และสุขภาพ
WA590 ร481ท ฉ.5 
  Barcode: 036871
ห้องสมุดวิทยาเขตสวรรค์ประชารักษ์
►ส่วนจัดเก็บหนังสือเก่า สปร
บนชั้น
  ขอยืม
7. วิทยาศาสตร์การแพทย์ และสุขภาพ
วิทยาศาสตร์การแพทย์ และสุขภาพ
WA590 ร481ท ฉ.6 
  Barcode: 036872
ห้องสมุดวิทยาเขตสวรรค์ประชารักษ์
►ส่วนจัดเก็บหนังสือเก่า สปร
บนชั้น
  ขอยืม
8. วิทยาศาสตร์การแพทย์ และสุขภาพ
วิทยาศาสตร์การแพทย์ และสุขภาพ
WA590 ร481ท ฉ.7 
  Barcode: 036873
ห้องสมุดวิทยาเขตสวรรค์ประชารักษ์
►ส่วนจัดเก็บหนังสือเก่า สปร
บนชั้น
  ขอยืม
9. วิทยาศาสตร์การแพทย์ และสุขภาพ
วิทยาศาสตร์การแพทย์ และสุขภาพ
WA590 ร481ท ฉ.8 
  Barcode: 036874
ห้องสมุดวิทยาเขตสวรรค์ประชารักษ์
►ส่วนจัดเก็บหนังสือเก่า สปร
บนชั้น
  ขอยืม
10. วิทยาศาสตร์การแพทย์ และสุขภาพ
วิทยาศาสตร์การแพทย์ และสุขภาพ
WA590 ร481ท ฉ.9 
  Barcode: 036875
ห้องสมุดวิทยาเขตสวรรค์ประชารักษ์
►ส่วนจัดเก็บหนังสือเก่า สปร
บนชั้น
  ขอยืม

รายการใกล้เคียง
    ผู้แต่ง [Rimer, Barbara K.]

    หัวเรื่อง [การส่งเสริมสุขภาพ]
    หัวเรื่อง [สุขภาพ]
    หัวเรื่อง [พฤติกรรมสุขภาพ]

BibComment


ยังไม่เคยถูกคอมเมนท์

คอมเมนท์ทรัพยากรรายการนี้
  คอมเมนท์: ทฤษฎีการสร้างเสร..


 Copyright 2026. Bcnsprnw @Library